[Event "Cappelle Online Blitz op"]
[Site "Europe Echecs INT"]
[Date "2021.03.07"]
[Round "11"]
[White "Delfosse, Jean Michel"]
[Black "Colin, Gerard"]
[Result "1-0"]
[WhiteElo "1727"]
[BlackElo "1479"]
[PlyCount "91"]
[EventDate "2021.03.07"]
[EventType "swiss (blitz)"]
[EventRounds "11"]
[EventCountry "FRA"]
[SourceTitle "CBM 201 Extra"]
[Source "ChessBase"]
[SourceDate "2021.05.31"]
[SourceVersion "1"]
[SourceVersionDate "2021.05.31"]
[SourceQuality "1"]

1. e4 e5 2. Nf3 Nc6 3. d4 exd4 4. Nxd4 d6 5. Nc3 Nf6 6. Bg5 Be7 7. Bb5 Bd7 8. 0-0 0-0 9. Nxc6 bxc6 10. Bd3 Ne8 11. Bxe7 Qxe7 12. Qd2 Qf6 13. Rae1 Be6 14. f4 Qh6 15. Qf2 Nf6 16. h3 a5 17. f5 Bd7 18. e5 dxe5 19. Rxe5 Rae8 20. Rfe1 Rxe5 21. Rxe5 Rd8 22. Re1 Re8 23. Rxe8+ Bxe8 24. Qe1 Kf8 25. Ne4 Nxe4 26. Bxe4 Qf6 27. c3 Qe5 28. Qe2 Bd7 29. Bd3 Qxe2 30. Bxe2 Bxf5 31. Kf2 Ke7 32. Ke3 Kd6 33. Kd4 c5+ 34. Ke3 f6 35. Bb5 Be6 36. a3 c6 37. Bd3 g6 38. h4 f5 39. g3 Bd5 40. Kf4 Ke6 41. Kg5 Kf7 42. Kh6 Kg8 43. h5 gxh5 44. Bxf5 Bf7 45. Bxh7+ Kh8 46. Bg6 1-0

[Event "Cappelle Online Blitz op"]
[Site "Europe Echecs INT"]
[Date "2021.03.07"]
[Round "5"]
[White "Guzman Mellado, Arcadio"]
[Black "Colin, Gerard"]
[Result "1-0"]
[WhiteElo "1868"]
[BlackElo "1479"]
[PlyCount "59"]
[EventDate "2021.03.07"]
[EventType "swiss (blitz)"]
[EventRounds "11"]
[EventCountry "FRA"]
[SourceTitle "CBM 201 Extra"]
[Source "ChessBase"]
[SourceDate "2021.05.31"]
[SourceVersion "1"]
[SourceVersionDate "2021.05.31"]
[SourceQuality "1"]

1. e4 e5 2. Nf3 Nc6 3. Nc3 Be7 4. Bc4 Nf6 5. 0-0 0-0 6. Re1 d6 7. h3 a6 8. a3 b5 9. Ba2 Bb7 10. d3 Nd4 11. Nxd4 exd4 12. Ne2 c5 13. Ng3 Nd7 14. f4 Bf6 15. Nh5 Re8 16. Qg4 g6 17. Bd2 Bc8 18. Nxf6+ Nxf6 19. Qf3 Be6 20. f5 Bxa2 21. Rxa2 Nh5 22. Rf1 Qe7 23. Raa1 Qe5 24. fxg6 fxg6 25. Qf7+ Kh8 26. Bh6 Rg8 27. Rf3 Qe8 28. Raf1 Qxf7 29. Rxf7 Ng7 30. Rd7 1-0

[Event "Cappelle Online Blitz op"]
[Site "Europe Echecs INT"]
[Date "2021.03.07"]
[Round "7"]
[White "Mallevaey, Guillaume"]
[Black "Colin, Gerard"]
[Result "1-0"]
[WhiteElo "1804"]
[BlackElo "1479"]
[PlyCount "97"]
[EventDate "2021.03.07"]
[EventType "swiss (blitz)"]
[EventRounds "11"]
[EventCountry "FRA"]
[SourceTitle "CBM 201 Extra"]
[Source "ChessBase"]
[SourceDate "2021.05.31"]
[SourceVersion "1"]
[SourceVersionDate "2021.05.31"]
[SourceQuality "1"]

1. e4 e5 2. Nc3 Nc6 3. Bc4 Nf6 4. d3 Be7 5. f4 0-0 6. Nf3 exf4 7. Bxf4 d6 8. 0-0 Bg4 9. Qe1 Bxf3 10. gxf3 Ne5 11. Bb3 Nh5 12. Be3 Bg5 13. Kh1 Bxe3 14. Qxe3 Qh4 15. Rg1 Kh8 16. d4 Nd7 17. Rg4 Qf6 18. Nd5 Qd8 19. Rag1 g6 20. c4 c6 21. Nc3 c5 22. f4 Re8 23. d5 f5 24. Rg5 fxe4 25. Nxe4 Qe7 26. Qc3+ Kg8 27. Ng3 Nxg3+ 28. R5xg3 Qe4+ 29. R3g2 Qxf4 30. Bc2 Re3 31. Rxg6+ hxg6 32. Rxg6+ Kf8 33. Rf6+ Qxf6 34. Qxf6+ Ke8 35. Qg6+ Kf8 36. Qf5+ Ke8 37. Qg6+ Kf8 38. Qh6+ Kf7 39. Qxe3 Ne5 40. Qf4+ Ke7 41. Qg5+ Kf7 42. Qf5+ Ke7 43. Qh7+ Kf6 44. Qf5+ Ke7 45. Qe6+ Kd8 46. Qg8+ Kc7 47. Qxa8 Kb6 48. Qd8+ Ka6 49. Qxd6+ 1-0

[Event "Cappelle Online Rapid op"]
[Site "Europe Echecs INT"]
[Date "2021.03.06"]
[Round "3"]
[White "Dia, Hussein"]
[Black "Colin, Gerard"]
[Result "1-0"]
[WhiteElo "1849"]
[BlackElo "1479"]
[PlyCount "59"]
[EventDate "2021.03.06"]
[EventType "swiss (rapid)"]
[EventRounds "9"]
[EventCountry "FRA"]
[SourceTitle "CBM 201 Extra"]
[Source "ChessBase"]
[SourceDate "2021.05.31"]
[SourceVersion "1"]
[SourceVersionDate "2021.05.31"]
[SourceQuality "1"]

1. e4 e5 2. Nf3 Nc6 3. Bc4 Be7 4. 0-0 Nf6 5. Re1 0-0 6. c3 d5 7. exd5 Nxd5 8. Nxe5 Nxe5 9. Rxe5 Nf6 10. d4 Re8 11. Bg5 Nd7 12. Bxe7 Rxe7 13. Rxe7 Qxe7 14. Nd2 Nb6 15. Bd3 Be6 16. Qh5 g6 17. Qh6 Qf6 18. Ne4 Qg7 19. Qg5 h6 20. Qh4 Nd5 21. a3 f5 22. Nc5 Re8 23. Re1 g5 24. Qh5 Nf6 25. Qf3 g4 26. Qxb7 Qf7 27. Bb5 Re7 28. Nxe6 Rxe6 29. Qc8+ Kg7 30. Qxe6 1-0

[Event "Ville d'Orsay online Blitz"]
[Site "Europe Echecs INT"]
[Date "2021.02.07"]
[Round "10"]
[White "Schippke, Manon"]
[Black "Colin, Gerard"]
[Result "1-0"]
[WhiteElo "1904"]
[BlackElo "1479"]
[PlyCount "33"]
[EventDate "2021.02.07"]
[EventType "swiss (blitz)"]
[EventRounds "11"]
[EventCountry "FRA"]
[SourceTitle "CBM 200 Extra"]
[Source "ChessBase"]
[SourceDate "2021.03.31"]
[SourceVersion "1"]
[SourceVersionDate "2021.03.31"]
[SourceQuality "1"]

1. e4 e5 2. Nf3 Nc6 3. Bb5 d6 4. c3 Be7 5. d4 exd4 6. cxd4 Bd7 7. 0-0 Nf6 8. Nc3 0-0 9. h3 a6 10. Bd3 Nb4 11. Bb1 Bb5 12. Re1 Bd7 13. a3 Nc6 14. Qd3 b5 15. e5 dxe5 16. dxe5 Ne8 17. Qxh7# 1-0

[Event "Cappelle Online Blitz op 1st"]
[Site "Europe Echecs INT"]
[Date "2021.01.10"]
[Round "9"]
[White "Colin, Gerard"]
[Black "Nicot, Valentin"]
[Result "0-1"]
[WhiteElo "1479"]
[BlackElo "1041"]
[PlyCount "98"]
[EventDate "2021.01.10"]
[EventType "swiss (blitz)"]
[EventRounds "11"]
[EventCountry "FRA"]
[SourceTitle "CBM 200 Extra"]
[Source "ChessBase"]
[SourceDate "2021.03.31"]
[SourceVersion "1"]
[SourceVersionDate "2021.03.31"]
[SourceQuality "1"]

1. f4 d5 2. d4 e6 3. Nf3 Nf6 4. e3 Be7 5. Bd3 0-0 6. Nbd2 c5 7. c3 Nc6 8. 0-0 b6 9. Ne5 Bb7 10. Ndf3 c4 11. Bc2 Nxe5 12. fxe5 Nd7 13. Qe2 f6 14. exf6 Nxf6 15. Bd2 Rc8 16. Ne5 Bd6 17. Ng4 a5 18. Nxf6+ Rxf6 19. e4 dxe4 20. Bxe4 Bxe4 21. Qxe4 b5 22. Bg5 Rxf1+ 23. Rxf1 Qd7 24. Re1 Re8 25. Bf4 Bxf4 26. Qxf4 b4 27. Qe4 b3 28. a3 a4 29. Re2 Qf7 30. Rf2 Qd7 31. Re2 h6 32. h3 Qd6 33. Qe5 Qxe5 34. Rxe5 Ra8 35. Rxe6 Kf7 36. Rc6 Ke7 37. Rxc4 Kd6 38. Rb4 Kd5 39. Rb7 g5 40. Rh7 Ra6 41. Rxh6 Rxh6 42. Kf2 Re6 43. Kg3 Re2 44. Kg4 Rxg2+ 45. Kf3 Rxb2 46. c4+ Kxc4 47. Kg4 Kxd4 48. Kxg5 Rg2+ 49. Kf4 b2 0-1

[Event "Cappelle Online Blitz op 1st"]
[Site "Europe Echecs INT"]
[Date "2021.01.10"]
[Round "10"]
[White "Maillard, Xavier"]
[Black "Colin, Gerard"]
[Result "1/2-1/2"]
[WhiteElo "1063"]
[BlackElo "1479"]
[PlyCount "132"]
[EventDate "2021.01.10"]
[EventType "swiss (blitz)"]
[EventRounds "11"]
[EventCountry "FRA"]
[SourceTitle "CBM 200 Extra"]
[Source "ChessBase"]
[SourceDate "2021.03.31"]
[SourceVersion "1"]
[SourceVersionDate "2021.03.31"]
[SourceQuality "1"]

1. c4 e5 2. Nc3 c5 3. g3 d6 4. Bg2 Nc6 5. d3 Bd7 6. e3 Be7 7. Nge2 Nf6 8. 0-0 0-0 9. f4 exf4 10. Nxf4 Rb8 11. a4 a6 12. Rb1 Nb4 13. Ncd5 Nfxd5 14. Nxd5 Nxd5 15. Bxd5 Be6 16. Qf3 Bxd5 17. Qxd5 Qd7 18. e4 Qe6 19. Qxe6 fxe6 20. Rxf8+ Rxf8 21. b4 b6 22. bxc5 bxc5 23. Rb6 Ra8 24. Bd2 h6 25. e5 dxe5 26. Rxe6 Bf6 27. Be3 Kf7 28. Rc6 Rd8 29. Bxc5 Rxd3 30. Rxa6 Rd1+ 31. Kg2 Rd2+ 32. Kg1 Bg5 33. Bf2 Rd1+ 34. Kg2 Rd2 35. Kg1 e4 36. c5 e3 37. Be1 Rd1 38. Kf1 Bf6 39. c6 Bc3 40. Ra7+ Ke6 41. c7 Kd7 42. c8Q+ Kxc8 43. Ra8+ Kb7 44. Rg8 Rxe1+ 45. Kg2 Ra1 46. Rxg7+ Ka6 47. Rg6+ Ka5 48. Rxh6 e2 49. Rh5+ Kxa4 50. Rh4+ Kb3 51. Re4 e1Q 52. Rxe1 Rxe1 53. Kh3 Re8 54. Kg2 Rh8 55. h4 Be5 56. Kh3 Rg8 57. g4 Bh8 58. g5 Re8 59. Kg4 Re4+ 60. Kh5 Kc4 61. g6 Kd5 62. Kg5 Ke6 63. h5 Re5+ 64. Kh6 Kf6 65. Kh7 Rxh5+ 66. Kg8 Bg7 1/2-1/2